The ruined city /

Jianna Belandor's home lies in ruins. Jianna's only happiness resides in her growing attraction to Falaste Rione, a brilliant nomadic physician whose compassion and courage have led him to take dangerous risks. Jianna, stronger and more powerful than she knows, has a role to play in the un...

Full description

Bibliographic Details
Main Author: Brandon, Paula
Format: Book
Language:English
Published: New York : Spectra/Ballantine Books, [2012]
Edition:Spectra trade paperback ed.
Series:Brandon, Paula. Veiled Isles trilogy ; 2.
Subjects:

MARC

Tag First Indicator Second Indicator Subfields
LEADER 00000cam a2200000 a 4500
001 in00004028331
005 20180718090507.0
008 110916s2012 nyu 000 1 eng
010 |a  2011035597 
019 |a 774907823  |a 778861320 
020 |a 9780553583823  |q (pbk.) 
020 |a 0553583824  |q (pbk.) 
020 |a 9780345532374  |q (ebook) 
020 |a 0345532376  |q (ebook) 
035 |a (OCoLC)ocn729341610 
035 |a (OCoLC)729341610  |z (OCoLC)774907823  |z (OCoLC)778861320 
037 |b Random House Inc, Attn Order Entry 400 Hahn rd, Westminster, MD, USA, 21157  |n SAN 201-3975 
040 |a DLC  |b eng  |c DLC  |d YDX  |d BTCTA  |d YDXCP  |d UPZ  |d QDK  |d BWX  |d BDX  |d CKE  |d CDX  |d OCLCF  |d OCLCQ  |d CHVBK  |d OCLCO  |d OCLCQ  |d DAD  |d OCLCO  |d OCL  |d NTAUP  |d MZ3  |d TXA  |d UtOrBLW 
042 |a pcc 
049 |a TXAM 
050 0 0 |a PS3602.R36  |b R85 2012 
082 0 0 |a 813/.6  |2 23 
100 1 |a Brandon, Paula.  |0 http://id.loc.gov/authorities/names/n2011031245 
245 1 4 |a The ruined city /  |c Paula Brandon. 
250 |a Spectra trade paperback ed. 
264 1 |a New York :  |b Spectra/Ballantine Books,  |c [2012] 
264 4 |c ©2012 
300 |a 373 pages ;  |c 21 cm 
336 |a text  |b txt  |2 rdacontent 
337 |a unmediated  |b n  |2 rdamedia 
338 |a volume  |b nc  |2 rdacarrier 
520 |a Jianna Belandor's home lies in ruins. Jianna's only happiness resides in her growing attraction to Falaste Rione, a brilliant nomadic physician whose compassion and courage have led him to take dangerous risks. Jianna, stronger and more powerful than she knows, has a role to play in the unfolding destiny of her world. But a wave of madness is sweeping across the land, and time is running out--even for magic. 
650 0 |a Magic  |v Fiction.  |0 http://id.loc.gov/authorities/subjects/sh2008107174 
650 0 |a Women heroes  |v Fiction.  |0 http://id.loc.gov/authorities/subjects/sh2010119018 
650 7 |a Magic.  |2 fast  |0 (OCoLC)fst01005468 
650 7 |a Women heroes.  |2 fast  |0 (OCoLC)fst01177736 
650 7 |a Roman.  |2 idszbz 
650 7 |a Amerikanisches Englisch.  |2 idszbz 
655 7 |a Fantasy fiction.  |2 fast  |0 (OCoLC)fst01726607 
655 7 |a Fiction.  |2 fast  |0 (OCoLC)fst01423787 
655 7 |a Fantasy fiction.  |2 gsafd 
655 7 |a Fantasy fiction.  |2 lcgft  |0 http://id.loc.gov/authorities/genreForms/gf2014026333 
655 4 |a Fantasy fiction. 
800 1 |a Brandon, Paula.  |t Veiled Isles trilogy ;  |v 2. 
938 |a Brodart  |b BROD  |n 13194879  |c $15.00 
938 |a Baker and Taylor  |b BTCP  |n BK0009861590 
938 |a Coutts Information Services  |b COUT  |n 17998154 
938 |a YBP Library Services  |b YANK  |n 7281912 
948 |a cataloged  |b h  |c 2018/5/21  |d c  |e ljohnson  |f 2:15:26 pm 
994 |a C0  |b TXA 
999 f f |s 65ebd2f1-f4d8-39c4-a8ba-b001e31450a8  |i 94a34a06-f84a-3069-b581-9ca79e8b0ea3  |t 0 
952 f f |p noncirc  |a Texas A&M University  |b College Station  |c Cushing Memorial Library & Archives  |d Cushing: Science Fiction (Does not check out)  |t 0  |e PS3602.R36 R85 2012  |h Library of Congress classification  |i unmediated -- volume 
998 f f |a PS3602.R36 R85 2012  |t 0  |l Cushing: Science Fiction (Does not check out)